| 000 | 01407cam a22002895i 4500 | ||
|---|---|---|---|
| 001 | 18456984 | ||
| 003 | EG-ScBUE | ||
| 005 | 20251207100418.0 | ||
| 008 | 150116t2015 flua f b 001 0 eng d | ||
| 020 | _a9781439883303 (hardcover : alk. paper) | ||
| 040 |
_aEG-ScBUE _beng _erda _cEG-ScBUE _dEG-ScBUE |
||
| 082 | 0 | 4 |
_a548.5 _222 _bBHA |
| 100 | 1 |
_aBhat, H. L., _938087 _eauthor. |
|
| 245 | 1 | 0 |
_aIntroduction to crystal growth : _bprinciples and practice / _cH. L. Bhat, former professor of physics, Indian Institute of Science, Bangalore and visiting professor, Centre for Nano and Soft Matter Sciences, Bangalore. |
| 264 | 1 |
_aBoca Raton : _bCRC Press / Taylor & Francis Group, _c[2015] |
|
| 264 | 4 | _cc2015 | |
| 300 |
_axvii, 328 pages : _billustrations ; _c25 cm |
||
| 336 |
_2rdacontent _atext _btxt |
||
| 337 |
_aunmediated _2rdamedia _bn |
||
| 338 |
_avolume _bnc _2rdacarrier |
||
| 504 | _aIncludes bibliographical references and index. | ||
| 505 | 0 | _aNucleation phenomena -- Crystal growth mechanisms-- Defects in crystals -- Dislocations and crystal growth -- Phase diagrams and crystal growth -- Growth from the solid phase -- Growth from the melts -- Growth from liquid solutions -- Crystal growth from the vapor phase -- Growth of thin films -- Crystal characterization. | |
| 650 | 7 |
_aCrystal growth. _2BUEsh |
|
| 653 |
_bENGGEN _cMay2015 |
||
| 655 |
_vReading book _934232 |
||
| 942 |
_2ddc _cBB |
||
| 999 |
_c19445 _d19417 |
||